000 01244nam a2200325 i 4500
001 16025
003 ES-MaACL
005 20230906151229.0
007 t|
008 000601r19931926sp a |||| | spa j
020 _a84-7846-268-6
080 _a015(460.185 V.)"14/17"
100 1 _aAlcocer y Martínez, Mariano.
_919568
245 1 0 _aCatálogo razonado de obras impresas en Valladolid, 1481-1800 /
_cMariano Alcocer y Martínez ; prefacio, Hipólito Escolar Sobrino.
250 _aEd. facs.
260 _a[Valladolid] :
_bConsejería de Cultura y Turismo,
_c1993.
300 _a30, 890 p. :
_bil. ;
_c25 cm.
490 1 _aLa imprenta, libros y libreros ;
_v6
500 _aÍndices.
534 _pReprod. facs. de la ed. de:
_c-- Valladolid : Imp. de la Casa Social Católica, 1926.
650 1 4 _aLibros antiguos-
_zValladolid-
_vBibliografías.
_9159646
650 4 _aBibliografías vallisoletanas.
_9159647
655 7 _2tgfbne
_9226495
_aFacsímiles
700 1 _aEscolar Sobrino, Hipólito.
_947607
710 1 _aCastilla y León.
_bConsejería de Cultura y Turismo.
_92499
830 0 _aLa imprenta, libros y libreros ;
_v6
_9179868
852 _aES-MaACL
_jL-23206
942 _2udc
999 _c16025
_d16025